000 00791cab a2200253 4500
001 WB2313-32
008 090401t1987 xxu||||| |||| 00| 0 eng d
035 _a(Sirsi) u49874
041 _aeng
245 _aBarkshire Committee
260 _c1987
350 _a0
490 _aFinancial Times
_v21/3/87 p5 Daily Telegraph 24/3/87 p21 (2)
520 _aTrading of units in single property ownership trusts , SPOT , will commence next year and the Barkshire Committee has been incorporated to develop this instrument.
650 _aINVESTMENT
650 _aPINCS
650 _aPROPERTY INCOME CERTIFICATES
650 _aSAPCO
650 _aSINGLE ASSET PROPERTY COMPANIES
650 _aUNITISATION
690 _aPROPERTY LAW AND PRACTICE
942 _n0
948 _c04/03/1997
999 _c31226
_d31226